000 00684nam a2200193Ii 4500
003 JO-AjNU
008 230605s9999||||xx |||||||||||||| ||und||
040 _aJO-AjNU
_bara
_erda
_cJO-AjNU
041 _aara
050 1 4 _aDC373.G3.G3812 1968
100 3 _aترجمة عطوي، رفيق,
_eauthor
_957127
245 0 0 _aمذكرات الجنرال ديغول
264 3 1 _aبيروت: الشركة اللبنانية للكتاب للطباعة والنشر والتوزيع، 1968
300 _a255ص
336 _atext
_btxt
_2rdacontent
337 _aunmediated
_bn
_2rdamedia
338 _avolume
_bnc
_2rdacarrier
650 4 _aفرنسا- ملوك وحكام- تراجم
_957128
999 _aA25581
_c29149
_d29149